LEADERSHIP AND MANAGEMENT IN THE EARLY YEARS (Record no. 169765)
[ view plain ]
| 000 -LEADER | |
|---|---|
| fixed length control field | 00262nam a2200097Ia 4500 |
| 050 ## - LIBRARY OF CONGRESS CALL NUMBER | |
| Classification number | LB 2831.9J66 2008 C.1 |
| 100 ## - MAIN ENTRY--PERSONAL NAME | |
| Personal name | JONES,CAROLINE |
| 245 #0 - TITLE STATEMENT | |
| Title | LEADERSHIP AND MANAGEMENT IN THE EARLY YEARS |
| 942 ## - ADDED ENTRY ELEMENTS (KOHA) | |
| Koha item type | Long Loan Book |
| Withdrawn status | Lost status | Source of classification or shelving scheme | Damaged status | Not for loan | Collection | Home library | Current library | Shelving location | Date acquired | Inventory number | Total checkouts | Full call number | Barcode | Date last seen | Copy number | Price effective from | Koha item type |
|---|---|---|---|---|---|---|---|---|---|---|---|---|---|---|---|---|---|
| Library of Congress Classification | Arts & Social Sciences | Kisii University Library | Kisii University Library | On Display | 11/13/2024 | 44106 | LB 2831.9.J66 2008 | 000000016608 | 11/13/2024 | C.1 | 11/13/2024 | Long Loan Book | |||||
| Library of Congress Classification | Arts & Social Sciences | Kisii University Library | Kisii University Library | On Display | 01/19/2026 | 110959 | LB 2831.9 .J66 2008 | 000000018494 | 01/19/2026 | C.2 | 01/19/2026 | Long Loan Book | |||||
| Library of Congress Classification | Arts & Social Sciences | Kisii University Library | Kisii University Library | On Display | 01/19/2026 | 110960 | LB 2831.9 .J66 2008 | 000000018387 | 01/19/2026 | C.3 | 01/19/2026 | Long Loan Book | |||||
| Library of Congress Classification | Arts & Social Sciences | Kisii University Library | Kisii University Library | On Display | 01/19/2026 | 110961 | LB 2831.9 .J66 2008 | 000000018388 | 01/19/2026 | C.4 | 01/19/2026 | Long Loan Book | |||||
| Library of Congress Classification | Arts & Social Sciences | Kisii University Library | Kisii University Library | On Display | 01/19/2026 | 110962 | LB 2831.9 .J66 2008 | 000000018389 | 01/19/2026 | C.5 | 01/19/2026 | Long Loan Book |